Sports Quiz

Random Sports or NFL Quiz

Patriots Leading Rushers by Game (1980s) Quiz Stats

 Plays Quiz not verified by Sporcle

Score 0/152 Timer 05:00
0 Plays Today
Year Player % Correct
1985Tony Collins-Craig James
93.3%
1981Tony Collins-Sam Cunningham
91.1%
1984Craig James
91.1%
1984Craig James
91.1%
1984Craig James
91.1%
1984Craig James
91.1%
1984Craig James
91.1%
1984Craig James
91.1%
1984Craig James
91.1%
1984Craig James
91.1%
1985Craig James
91.1%
1985Craig James
91.1%
1985Craig James
91.1%
1985Craig James
91.1%
1985Craig James
91.1%
1985Craig James
91.1%
1985Craig James
91.1%
1985Craig James
91.1%
1985Craig James
91.1%
1985Craig James
91.1%
1985Craig James
91.1%
1985Craig James
91.1%
1985Craig James
91.1%
1986Craig James
91.1%
1986Craig James
91.1%
1986Craig James
91.1%
1986Craig James
91.1%
1986Craig James
91.1%
1986Craig James
91.1%
1986Craig James
91.1%
1986Craig James
91.1%
1986Craig James
91.1%
1981Tony Collins
88.9%
1981Tony Collins
88.9%
1981Tony Collins
88.9%
1981Tony Collins
88.9%
1981Tony Collins
88.9%
1981Tony Collins
88.9%
1981Tony Collins
88.9%
1981Tony Collins
88.9%
1981Tony Collins
88.9%
1981Tony Collins
88.9%
1981Tony Collins
88.9%
1982Tony Collins
88.9%
1982Tony Collins
88.9%
1982Tony Collins
88.9%
1982Tony Collins
88.9%
1982Tony Collins
88.9%
1982Tony Collins
88.9%
1982Tony Collins
88.9%
1983Tony Collins
88.9%
Year Player % Correct
1983Tony Collins
88.9%
1983Tony Collins
88.9%
1983Tony Collins
88.9%
1983Tony Collins
88.9%
1983Tony Collins
88.9%
1983Tony Collins
88.9%
1983Tony Collins
88.9%
1984Tony Collins
88.9%
1984Tony Collins
88.9%
1984Tony Collins
88.9%
1984Tony Collins
88.9%
1985Tony Collins
88.9%
1986Tony Collins
88.9%
1986Tony Collins
88.9%
1986Tony Collins
88.9%
1986Tony Collins
88.9%
1987Tony Collins
88.9%
1987Tony Collins
88.9%
1987Tony Collins
88.9%
1987Tony Collins
88.9%
1987Tony Collins
88.9%
1987Tony Collins
88.9%
1981Vagas Ferguson-Sam Cunningham
84.4%
1989John Stephens
73.3%
1989John Stephens
73.3%
1989John Stephens
73.3%
1989John Stephens
73.3%
1989John Stephens
73.3%
1989John Stephens
73.3%
1989John Stephens
73.3%
1989John Stephens
73.3%
1989John Stephens
73.3%
1989John Stephens
73.3%
1988John Stephens
73.3%
1988John Stephens
73.3%
1988John Stephens
73.3%
1988John Stephens
73.3%
1988John Stephens
73.3%
1988John Stephens
73.3%
1988John Stephens
73.3%
1988John Stephens
73.3%
1988John Stephens
73.3%
1988John Stephens
73.3%
1988John Stephens
73.3%
1988John Stephens
73.3%
1988John Stephens
73.3%
1988John Stephens
73.3%
1980Vagas Ferguson
71.1%
1980Vagas Ferguson
71.1%
1980Vagas Ferguson
71.1%
1980Vagas Ferguson
71.1%
Year Player % Correct
1980Vagas Ferguson
71.1%
1980Vagas Ferguson
71.1%
1980Vagas Ferguson
71.1%
1981Vagas Ferguson
71.1%
1986Tony Eason
66.7%
1986Tony Eason
66.7%
1981Mosi Tatupu
44.4%
1983Mosi Tatupu
44.4%
1983Mosi Tatupu
44.4%
1983Mosi Tatupu
44.4%
1983Mosi Tatupu
44.4%
1983Mosi Tatupu
44.4%
1984Mosi Tatupu
44.4%
1984Mosi Tatupu
44.4%
1984Mosi Tatupu
44.4%
1984Mosi Tatupu
44.4%
1985Mosi Tatupu
44.4%
1987Mosi Tatupu
44.4%
1987Mosi Tatupu
44.4%
1987Elgin Davis
35.6%
1982Mark van Eeghen
24.4%
1982Mark van Eeghen
24.4%
1980Don Calhoun
20%
1980Don Calhoun
20%
1980Don Calhoun
20%
1980Don Calhoun
20%
1980Don Calhoun
20%
1980Don Calhoun
20%
1980Don Calhoun
20%
1980Don Calhoun
20%
1980Don Calhoun
20%
1981Don Calhoun
20%
1986Irving Fryar
17.8%
1989Bob Perryman
13.3%
1989Bob Perryman
13.3%
1989Bob Perryman
13.3%
1989Bob Perryman
13.3%
1989Bob Perryman
13.3%
1989Bob Perryman
13.3%
1987Bob Perryman
13.3%
1987Reggie Dupard
13.3%
1987Reggie Dupard
13.3%
1987Reggie Dupard
13.3%
1987Bob Perryman
13.3%
1988Bob Perryman
13.3%
1988Reggie Dupard
13.3%
1983Robert Weathers
11.1%
1983Robert Weathers
11.1%
1983Robert Weathers
11.1%
1987Michael LeBlanc
6.7%

You're not logged in!

Compare scores with friends on all Sporcle quizzes.
OR
Log In

Sporcle TV

Today on Sporcle TV


Watch our educational content, quiz creation guides, and fun videos on Sporcle TV.

Show Comments

Extras

Top Quizzes Today


Score Distribution

Your Account Isn't Verified!

In order to create a playlist on Sporcle, you need to verify the email address you used during registration. Go to your Sporcle Settings to finish the process.

Report this User

Report this user for behavior that violates our Community Guidelines.

Details: